000 00351nam a2200145Ia 4500
008 230718s9999 xx 000 0 und d
041 _aEng.
082 _a942.081
_bPAR-T
100 _aParking Harold
245 4 _athe rise of Peofercond. Society
260 _aPakistan
_bOxford univery phano
_c1990
300 _a604
650 _aLaw
999 _c26516
_d26516